Practical Object Oriented Analysis/ (Record no. 35726)

MARC details
000 -LEADER
fixed length control field 00514nam a22001697a 4500
005 - DATE AND TIME OF LATEST TRANSACTION
control field 20240508125617.0
008 - FIXED-LENGTH DATA ELEMENTS--GENERAL INFORMATION
fixed length control field 240508b |||||||| |||| 00| 0 eng d
020 ## - INTERNATIONAL STANDARD BOOK NUMBER
ISBN 0-17-012298-0
082 ## - DEWEY DECIMAL CLASSIFICATION NUMBER
Classification number 005.117
Item number UNH-P
100 ## - MAIN ENTRY--AUTHOR
Author Name Unhelkar; Bhuvan
245 ## - TITLE STATEMENT
Title Practical Object Oriented Analysis/
Statement of responsibility, etc. Bhuvan Unhelkar
260 ## - PUBLICATION, DISTRIBUTION, ETC.
Place of Publication Australia;
Name of publisher, distributor, etc. Thomson Social Science Press;
Date of publication, distribution, etc. 2005
300 ## - PHYSICAL DESCRIPTION
Pages xxiv,221 p.:
500 ## - GENERAL NOTE
General note Include Appendix.
650 ## - SUBJECT ADDED ENTRY--TOPICAL TERM
Subject / Department Computer Science/Computer Programming
300 ## - PHYSICAL DESCRIPTION
-- ill;
-- 25 cm.
952 ## - LOCATION AND ITEM INFORMATION (KOHA)
-- 0
-- 0
Holdings
Lost status Damaged status Collection code Permanent Location Current Location Date acquired Full Call Number Accession No./Barcode Date last seen item type Koha item type
    CS/IT Superior Information Resource Center (SIRC) Superior University - City Campus Superior Information Resource Center (SIRC) Superior University - City Campus 05/08/2024 005.117 UNH-P 2005 20454 05/08/2024 BOOK BOOK

Powered by Koha